[Event "Tournament Armed Forces"]
[Site "masterchessopen.com Moscow (Russia)"]
[Round "1"]
[White "Kislov Mikhail (RUS)"]
[Black "Furman Semen (RUS)"]
[Result "0-1"]
[WhiteElo "2330"]
[BlackElo "2550"]

1.e4 c5 2.Nc3 Nc6 3.g3 g6 4.Bg2 Bg7 5.d3 d6 6.Be3 e5 7.Qd2 Nge7 8.Bh6 O-O 9.h4
f6 10.h5 Bxh6 11.Qxh6 g5 12.Nd5 Nxd5 13.exd5 Nd4 {#R} 0-1

[Event "It (open)"]
[Site "masterchessopen.com Los Polvorines (Argentina)"]
[Round "0"]
[White "Sanchez Fernando (ARG)"]
[Black "Gomez Baillo Jorge H (ARG)"]
[Result "0-1"]
[WhiteElo "2200"]
[BlackElo "2386"]

1.e4 c5 2.Nc3 Nc6 3.g3 g6 4.Bg2 Bg7 5.d3 d6 6.Be3 Bd7 7.Qd2 Rb8 8.Nge2 Nd4
9.O-O Nxe2+ 10.Nxe2 Bc6 11.d4 d5 12.Bf4 Rc8 13.dxc5 dxe4 14.Qb4 a5 15.Qa3 Qd5
16.Qxa5 Bxb2 17.Rab1 Bg7 18.Nc3 Qc4 19.Nb5 Nf6 20.Rb4 Qxc2 21.Rc1 Qd3 22.Bf1
Qd7 23.Nc7+ Kf8 24.Rcb1 {#R} 0-1

[Event "Ch Denmark (juniors)"]
[Site "masterchessopen.com Soro (Denmark)"]
[Round "5"]
[White "Bojsen Jesper (DEN)"]
[Black "Olesen Martin (DEN)"]
[Result "0-1"]
[WhiteElo "2098"]
[BlackElo "2304"]

1.e4 c5 2.Nc3 d6 3.g3 g6 4.Bg2 Bg7 5.d3 Nc6 6.Be3 e6 7.Qd2 Nd4 8.Nd1 Ne7 9.c3
Ndc6 10.Bh6 O-O 11.h4 f5 12.h5 Rf7 13.hxg6 Nxg6 14.exf5 Nge5 15.Be4 Bf6 16.Ne3
d5 17.fxe6 Bxe6 18.Bf5 Qe8 19.Kd1 d4 20.Bxe6 Qxe6 21.Ng2 dxc3 22.bxc3 Nxd3
23.Nf4 Nxf4 24.Qxf4 Qd5+ {#R} 0-1

[Event "It \"]
[Site "masterchessopen.com Wijk aan Zee (Netherlands)"]
[Round "6"]
[White "Iskov Gert (DEN)"]
[Black "Langeweg Kick (NED)"]
[Result "0-1"]
[WhiteElo "2345"]
[BlackElo "2395"]

1.e4 c5 2.Nc3 Nc6 3.g3 g6 4.Bg2 Bg7 5.d3 d6 6.Be3 e5 7.Nf3 Nge7 8.Qd2 h6 9.h4
Be6 10.Bh3 Nd4 11.Ng1 Qd7 12.Bxe6 Qxe6 13.Bxd4 cxd4 14.Nb5 Qd7 15.Qb4 O-O
16.Nxd6 a5 17.Qa3 b5 18.Qc5 Ra6 19.Nxb5 Rc8 {#R} 0-1

[Event "Bundesliga 1983/84"]
[Site "masterchessopen.com Germany"]
[Round "0"]
[White "Zbikowski Wolfgang (GER)"]
[Black "Kunsztowicz Uwe (GER)"]
[Result "1-0"]
[WhiteElo "2205"]
[BlackElo "2234"]

1.e4 c5 2.Nc3 Nc6 3.g3 g6 4.Bg2 Bg7 5.d3 d6 6.Be3 Bd7 7.Qd2 b5 8.Nge2 b4 9.Nd1
Qc8 10.d4 cxd4 11.Nxd4 a5 12.O-O Nf6 13.Re1 Ne5 14.Bh6 Bxh6 15.Qxh6 Qc5 16.Nb3
Qxf2+ 17.Nxf2 {#r} 1-0

[Event "It"]
[Site "masterchessopen.com Lewisham (England)"]
[Round "3"]
[White "Davies Nigel R (ENG)"]
[Black "Smart Leslie (ENG)"]
[Result "1-0"]
[WhiteElo "2494"]
[BlackElo "2120"]

1.g3 c5 2.Bg2 Nc6 3.e4 g6 4.Nc3 Bg7 5.d3 d6 6.Be3 e6 7.Qd2 Nge7 8.Bh6 O-O
9.Bxg7 Kxg7 10.h4 h6 11.f4 f6 12.g4 Qa5 13.Nh3 d5 14.g5 Nb4 15.gxh6+ Kxh6
16.h5 d4 17.hxg6 Kxg6 18.Bf3 Nf5 19.exf5+ exf5 20.Bh5+ Kh7 21.Ng1 {#r} 1-0

[Event "?"]
[Site "masterchessopen.com Bogota (Colombia)"]
[Round "0"]
[White "La Rota Fabio (USA)"]
[Black "Alzate Dario (COL)"]
[Result "1-0"]
[WhiteElo "2268"]
[BlackElo "2365"]

1.e4 c5 2.Nc3 Nc6 3.g3 g6 4.Bg2 Bg7 5.d3 d6 6.Be3 e6 7.Qd2 b6 8.f4 Bb7 9.Nf3
Nd4 10.Bxd4 cxd4 11.Nb5 e5 12.Qb4 Bf8 13.fxe5 dxe5 14.Qa4 f6 15.Nc7+ Ke7
16.Nxa8 Qxa8 17.Bh3 Bc6 18.Qc4 Kd8 19.O-O Bc5 20.b4 Bd6 21.Qe6 Qb8 22.Ng5 fxg5
23.Rf7 g4 24.Bxg4 {#r} 1-0

[Event "corr."]
[Site "masterchessopen.com DDR"]
[Round "0"]
[White "Keskowski Thilo (GER)"]
[Black "Franke Reiner (GER)"]
[Result "1-0"]
[WhiteElo "2127"]
[BlackElo "2274"]

1.e4 c5 2.Nc3 d6 3.g3 Nc6 4.Bg2 g6 5.d3 Bg7 6.Be3 Nf6 7.h3 O-O 8.Qd2 Nd4
9.Nce2 e5 10.c3 Ne6 11.f4 exf4 12.gxf4 Rb8 13.Nf3 d5 14.e5 Nh5 15.O-O d4
16.cxd4 cxd4 17.Nfxd4 Ng3 18.Nxg3 Nxd4 19.Qf2 Nc6 20.Bc5 Re8 21.d4 Be6 22.d5
{#r} 1-0

[Event "It (open)"]
[Site "masterchessopen.com Dornbirn (Austria)"]
[Round "0"]
[White "Mittelberger Peter (AUT)"]
[Black "Beraha Nenad (SRB)"]
[Result "1-0"]
[WhiteElo "2180"]
[BlackElo "2093"]

1.e4 c5 2.Nc3 g6 3.g3 Bg7 4.Bg2 Nc6 5.d3 d6 6.Be3 Rb8 7.Qd2 b5 8.f4 Bd7 9.Nf3
b4 10.Nd1 e5 11.O-O Nd4 12.c3 Nxf3+ 13.Rxf3 Bg4 14.Rf2 Bxd1 15.Rxd1 Qa5 16.d4
bxc3 17.bxc3 cxd4 18.cxd4 Qxd2 19.Rfxd2 Rb7 20.dxe5 {#r} 1-0

[Event "It \"]
[Site "masterchessopen.com London (England)"]
[Round "0"]
[White "Morrison Chris (SCO)"]
[Black "Howell James C (ENG)"]
[Result "0-1"]
[WhiteElo "2174"]
[BlackElo "2420"]

1.e4 c5 2.Nc3 Nc6 3.g3 g6 4.Bg2 Bg7 5.d3 d6 6.Be3 e5 7.Qd2 Nge7 8.Bh6 O-O 9.h4
Bxh6 10.Qxh6 f6 11.Nd5 Nxd5 12.exd5 Ne7 13.Be4 Rf7 14.h5 g5 15.f4 exf4 16.gxf4
g4 17.O-O-O Bf5 18.Nf3 gxf3 19.Rdg1+ Kh8 20.Bxf5 Nxf5 21.Qg6 {#R} 0-1

[Event "It (open)"]
[Site "masterchessopen.com Saint John (Canada)"]
[Round "0"]
[White "La Rota Fabio (USA)"]
[Black "Birnboim Nathan (ISR)"]
[Result "1-0"]
[WhiteElo "2268"]
[BlackElo "2369"]

1.e4 c5 2.Nc3 Nc6 3.g3 g6 4.Bg2 Bg7 5.d3 d6 6.Be3 e5 7.Qd2 Be6 8.f4 exf4
9.Bxf4 Nd4 10.Nf3 Qd7 11.O-O Ne7 12.Ng5 h6 13.Nxe6 fxe6 14.Bh3 Nec6 15.Nd5 g5
16.Be3 Qd8 17.c3 exd5 18.cxd4 Ne7 19.dxc5 dxc5 20.Qd1 Qa5 21.Qg4 Qc7 22.Rae1
Nc6 23.Qh5+ Kd8 24.Rf7 {#r} 1-0

[Event "It (open)"]
[Site "masterchessopen.com St. Ingbert (Germany)"]
[Round "1"]
[White "Zimmer Elke"]
[Black "Pytel Krzysztof (FRA)"]
[Result "0-1"]
[WhiteElo "1840"]
[BlackElo "2305"]

1.e4 c5 2.Nc3 Nc6 3.g3 g6 4.Bg2 Bg7 5.d3 d6 6.Be3 Rb8 7.Qd2 b5 8.f4 b4 9.Nd1
Bd7 10.Nf3 Nd4 11.O-O Qc8 12.Qf2 Nh6 13.Bc1 Ng4 14.Qd2 c4 15.c3 Nxf3+ 16.Rxf3
bxc3 17.Nxc3 Qc5+ 18.Kh1 Qh5 19.Bf1 Nxh2 {#R} 0-1

[Event "It (open)"]
[Site "masterchessopen.com Badenweiler (Germany)"]
[Round "0"]
[White "Huber Armin (GER)"]
[Black "Haist Wolfgang (GER)"]
[Result "0-1"]
[WhiteElo "2329"]
[BlackElo "2247"]

1.e4 c5 2.Nc3 Nc6 3.g3 g6 4.Bg2 Bg7 5.d3 d6 6.Be3 Nh6 7.h3 f5 8.Qd2 Nf7 9.f4
O-O 10.Nge2 e5 11.exf5 Bxf5 12.fxe5 Nfxe5 13.Nf4 Qe8 14.O-O g5 15.Nfd5 Qh5
16.Bxg5 Bxh3 17.Ne4 Bxg2 18.Kxg2 Nf3 19.Nf4 Rxf4 20.Qxf4 Qh2+ 21.Kxf3 Nd4+
{#R} 0-1

[Event "It (open) \"]
[Site "masterchessopen.com Chicago (USA)"]
[Round "7"]
[White "Zelkind Mike (USA)"]
[Black "Gallagher Joseph G (SUI)"]
[Result "0-1"]
[WhiteElo "2290"]
[BlackElo "2495"]

1.e4 c5 2.Nc3 Nc6 3.g3 g6 4.Bg2 Bg7 5.d3 d6 6.Be3 e6 7.Qd2 Nge7 8.Bh6 O-O 9.h4
f6 10.Nh3 e5 11.O-O-O Nd4 12.Bxg7 Kxg7 13.f4 b5 14.h5 Qa5 15.Kb1 Bg4 16.h6+
Kh8 17.Rde1 b4 18.Nd1 Bxd1 19.Rxd1 Nb5 20.Ka1 Rab8 21.Rb1 Rb6 22.c4 Qxa2+
23.Kxa2 Ra6+ {#R} 0-1

[Event "It (open)"]
[Site "masterchessopen.com Forli (Italy)"]
[Round "0"]
[White "Anceschi Vittorio (ITA)"]
[Black "Langeweg Kick (NED)"]
[Result "0-1"]
[WhiteElo "2251"]
[BlackElo "2309"]

1.e4 c5 2.Nc3 Nc6 3.g3 g6 4.Bg2 Bg7 5.d3 d6 6.Be3 e5 7.Qd2 h6 8.h3 Nge7 9.Nge2
Nd4 10.f4 Nxe2 11.Qxe2 exf4 12.gxf4 Qb6 13.O-O-O Be6 14.e5 Nf5 15.Bf2 O-O
16.Rhg1 Rfe8 17.Be4 dxe5 18.Na4 Qa5 19.Nxc5 Qxa2 20.Nxe6 Rxe6 21.c3 exf4
22.Qf3 Rc8 23.d4 Rb6 {#R} 0-1

[Event "It (open)"]
[Site "masterchessopen.com Kecskemet (Hungary)"]
[Round "9"]
[White "Bezdan Tibor (HUN)"]
[Black "Bauer Tamas (HUN)"]
[Result "1-0"]
[WhiteElo "2233"]
[BlackElo "2400"]

1.e4 c5 2.Nc3 Nc6 3.g3 g6 4.Bg2 Bg7 5.d3 d6 6.Be3 e6 7.Qd2 Nd4 8.Nd1 Ne7 9.c3
Ndc6 10.Bh6 O-O 11.h4 Bxh6 12.Qxh6 f6 13.f4 Rf7 14.h5 Qf8 15.hxg6 Nxg6 16.Ne3
Rg7 17.O-O-O Rb8 18.g4 b5 19.f5 Nge7 20.g5 Rf7 21.gxf6 {#r} 1-0

[Event "Ch Poland (team) (juniors) (under 18)"]
[Site "masterchessopen.com Torun (Poland)"]
[Round "6"]
[White "Dworakowski Lukasz (POL)"]
[Black "Markowski Tomasz (POL)"]
[Result "0-1"]
[WhiteElo "2317"]
[BlackElo "2607"]

1.e4 c5 2.Nc3 Nc6 3.g3 g6 4.d3 Bg7 5.Be3 d6 6.Bg2 Rb8 7.Qd2 b5 8.Nf3 b4 9.Nd1
Nf6 10.Bh6 O-O 11.Bxg7 Kxg7 12.Ne3 a5 13.O-O a4 14.a3 bxa3 15.Rxa3 Rxb2 16.Qc3
Rb4 17.e5 Nxe5 18.Nxe5 dxe5 19.Qxc5 Qd6 20.Qa5 Bd7 21.Nc4 Rxc4 {#R} 0-1

[Event "It (open)"]
[Site "masterchessopen.com Zurich (Switzerland)"]
[Round "0"]
[White "Bartsch Berthold (GER)"]
[Black "Tanner Heinrich (SUI)"]
[Result "0-1"]
[WhiteElo "2264"]
[BlackElo "2241"]

1.e4 c5 2.Nc3 Nc6 3.g3 g6 4.Bg2 Bg7 5.d3 d6 6.Be3 Rb8 7.Qd2 b5 8.f4 e5 9.Nf3
exf4 10.gxf4 Nd4 11.O-O Ne7 12.f5 gxf5 13.Bh6 Rg8 14.Bxg7 Rxg7 15.Nxd4 cxd4
16.Ne2 Rb6 17.Kh1 d5 18.e5 Ng6 19.Nxd4 Nh4 20.Bh3 Rbg6 21.Rae1 Be6 22.Rg1
Rxg1+ 23.Rxg1 Rxg1+ 24.Kxg1 Qb6 {#R} 0-1

[Event "Ch Czech Chess Union (w)"]
[Site "masterchessopen.com Chrudim (Czech Republic)"]
[Round "0"]
[White "Koubkova Alena (CZE)"]
[Black "Nemcova Vaclava (CZE)"]
[Result "0-1"]
[WhiteElo "2038"]
[BlackElo "2056"]

1.e4 c5 2.Nc3 Nc6 3.g3 g6 4.Bg2 Bg7 5.d3 d6 6.Be3 Rb8 7.Qd2 Nd4 8.Nd1 Qc7 9.c3
Nc6 10.Ne2 f5 11.O-O Ne5 12.h3 Nf6 13.f4 Nf7 14.Nf2 b6 15.Kh2 Bb7 16.g4 fxg4
17.Nxg4 Rd8 18.Ng3 d5 19.Nxf6+ exf6 20.exd5 Bxd5 21.Rae1 O-O 22.Kh1 Qd7 23.Rd1
Qxh3+ {#R} 0-1

[Event "Bundesliga 1991/92 (w)"]
[Site "masterchessopen.com Germany"]
[Round "0"]
[White "Hund Isabel (GER)"]
[Black "Zahn Nicol (GER)"]
[Result "1-0"]
[WhiteElo "2073"]
[BlackElo "1937"]

1.e4 c5 2.Nc3 Nc6 3.g3 g6 4.Bg2 Bg7 5.d3 d6 6.Be3 e6 7.Qd2 Rb8 8.Nge2 Nd4
9.Nd1 Nxe2 10.Qxe2 Ne7 11.Qd2 Nc6 12.Bh6 O-O 13.h4 Qe7 14.h5 Bd7 15.Bxg7 Kxg7
16.hxg6 fxg6 17.Ne3 e5 18.Nd5 {#r} 1-0

[Event "Ch Germany (juniors) (under 17)"]
[Site "masterchessopen.com Germany"]
[Round "9"]
[White "Wilde Dennis (GER)"]
[Black "Otterstaetter Stefan (GER)"]
[Result "1-0"]
[WhiteElo "2164"]
[BlackElo "2191"]

1.e4 c5 2.Nc3 Nc6 3.d3 d6 4.g3 g6 5.Bg2 Bg7 6.Be3 e6 7.Qd2 Nge7 8.Bh6 O-O 9.h4
Kh8 10.h5 Bxh6 11.Qxh6 Ng8 12.Qd2 Kg7 13.Nf3 Rb8 14.hxg6 hxg6 15.Ng5 Nf6
16.O-O-O Qe7 17.e5 Nxe5 18.Nh7 Rh8 19.Nxf6 Qxf6 20.Ne4 Rxh1 21.Rxh1 {#r} 1-0

[Event "Tournament (a)"]
[Site "masterchessopen.com Hengelo (Netherlands)"]
[Round "3"]
[White "De Jager Jaap (NED)"]
[Black "De Niet Gert Michiel (NED)"]
[Result "1-0"]
[WhiteElo "2395"]
[BlackElo "2193"]

1.e4 c5 2.Nc3 Nc6 3.g3 g6 4.Bg2 Bg7 5.d3 d6 6.Be3 e6 7.Qd2 Rb8 8.Nf3 Nd4
9.Bxd4 cxd4 10.Nb5 Qb6 11.Qb4 Kd7 12.e5 dxe5 13.Nd2 Ne7 14.Nc4 Qa6 15.Qc5 {#r}
1-0

[Event "Ch Hungary (team) 1992/93"]
[Site "masterchessopen.com Hungary"]
[Round "0"]
[White "Botka Peter (HUN)"]
[Black "Honos Attila (HUN)"]
[Result "0-1"]
[WhiteElo "2165"]
[BlackElo "2208"]

1.e4 c5 2.Nc3 Nc6 3.g3 g6 4.Bg2 Bg7 5.d3 d6 6.Be3 e5 7.Qd2 Nge7 8.Nge2 Be6
9.O-O Nd4 10.Nc1 O-O 11.Nd1 Bh3 12.c3 Bxg2 13.Kxg2 Ne6 14.Bh6 d5 15.Bxg7 Kxg7
16.Qe2 Qd6 17.Re1 Qc6 18.exd5 Nxd5 19.Kg1 Rae8 20.Ne3 Ng5 21.Nxd5 Qxd5 {#R}
0-1

[Event "It (open) (juniors)"]
[Site "masterchessopen.com Stockerau (Austria)"]
[Round "0"]
[White "Efler Lukas (CZE)"]
[Black "Hargittai Szabolcs (HUN)"]
[Result "1-0"]
[WhiteElo "2238"]
[BlackElo "2148"]

1.e4 c5 2.Nc3 Nc6 3.g3 g6 4.Bg2 Bg7 5.d3 d6 6.Be3 e6 7.Qd2 Nd4 8.Nd1 Ne7 9.c3
Ndc6 10.Ne2 O-O 11.h4 f5 12.h5 Rf7 13.hxg6 hxg6 14.Bg5 Qf8 15.exf5 exf5 16.Ne3
Bf6 17.Nd5 Bxg5 18.Qxg5 Qg7 19.O-O-O Rb8 20.Nef4 b5 21.Rh6 b4 22.Nxg6 Nxd5
23.Bxd5 bxc3 24.Rh8+ {#r} 1-0

[Event "Ch Yugoslavia (w)"]
[Site "masterchessopen.com Belgrade (Yugoslavia)"]
[Round "7"]
[White "Ujhazi Danijela (SER)"]
[Black "Relic-Radakovic Rajna (CRO)"]
[Result "1-0"]
[WhiteElo "2142"]
[BlackElo "2218"]

1.e4 c5 2.Nc3 Nc6 3.g3 g6 4.Bg2 Bg7 5.d3 d6 6.Be3 e6 7.Nge2 Nge7 8.Qd2 Qa5
9.Bh6 Bxh6 10.Qxh6 Qb4 11.O-O Bd7 12.Qf4 e5 13.Qf6 O-O 14.a3 Qb6 {#r} 1-0

[Event "It (cat.3)"]
[Site "masterchessopen.com Budapest (Hungary)"]
[Round "9"]
[White "Bodrogi Mihaly (HUN)"]
[Black "Kubacsny Laszlo (HUN)"]
[Result "1-0"]
[WhiteElo "2077"]
[BlackElo "2320"]

1.e4 c5 2.Nc3 Nc6 3.g3 g6 4.Bg2 Bg7 5.d3 d6 6.Be3 e6 7.Qd2 Nd4 8.Nd1 Ne7 9.c3
Ndc6 10.f4 O-O 11.Nf2 Rb8 12.h4 {#r} 1-0

[Event "It (open)"]
[Site "masterchessopen.com Eupen (Belgium)"]
[Round "0"]
[White "Lommers Frank (NED)"]
[Black "Khenkin Igor (GER)"]
[Result "0-1"]
[WhiteElo "2146"]
[BlackElo "2570"]

1.e4 c5 2.Nc3 Nc6 3.g3 g6 4.Bg2 Bg7 5.d3 d6 6.Be3 Nd4 7.Qd2 Qa5 8.Nge2 Nxe2
9.Kxe2 e6 10.Bf4 Qd8 11.Nb5 e5 12.Bg5 f6 13.Be3 Ne7 14.Bh6 O-O 15.h4 d5 16.Nc3
Bg4+ 17.f3 Be6 18.h5 Bxh6 19.Qxh6 g5 20.exd5 Nf5 21.Bh3 Nxh6 22.Bxe6+ Kh8 {#R}
0-1

[Event "Hessenliga 1992/93"]
[Site "masterchessopen.com Germany"]
[Round "0"]
[White "Carton Patrick (IRL)"]
[Black "Schnabel Michael (GER)"]
[Result "1-0"]
[WhiteElo "2189"]
[BlackElo "2146"]

1.e4 c5 2.Nc3 Nc6 3.g3 g6 4.Bg2 Bg7 5.d3 d6 6.Be3 e5 7.Qd2 Be6 8.f4 Qd7 9.Nf3
Nge7 10.O-O Nd4 11.Ng5 O-O 12.Nd1 f5 13.fxe5 Bxe5 14.c3 Ndc6 15.d4 Bc4 16.dxe5
Bxf1 17.Qxd6 Nxe5 18.Qxd7 Nxd7 19.Bxf1 fxe4 20.Bc4+ Kh8 21.Nf7+ Rxf7 22.Bxf7
b6 23.Bg5 Rf8 24.Be6 {#r} 1-0

[Event "It (open)"]
[Site "masterchessopen.com Hamburg (Germany)"]
[Round "1"]
[White "Zickelbein Eva-Maria (GER)"]
[Black "Kunsztowicz Uwe (GER)"]
[Result "0-1"]
[WhiteElo "2061"]
[BlackElo "2234"]

1.e4 c5 2.Nc3 Nc6 3.g3 g6 4.Bg2 Bg7 5.d3 d6 6.Be3 Bd7 7.Qd2 b5 8.Nge2 b4 9.Nd1
a5 10.O-O h5 11.f4 Qc8 12.f5 Ne5 13.Nf4 Nf6 14.a3 h4 15.axb4 axb4 16.Rxa8 Qxa8
17.Qe1 gxf5 18.exf5 Bc6 19.Qf2 hxg3 {#R} 0-1

[Event "?"]
[Site "masterchessopen.com Milan (Italy)"]
[Round "0"]
[White "Iudicello Marco (ITA)"]
[Black "Nurkic Sahbaz (BIH)"]
[Result "0-1"]
[WhiteElo "2172"]
[BlackElo "2418"]

1.e4 g6 2.Nc3 Bg7 3.d3 c5 4.Be3 d6 5.g3 Nc6 6.Bg2 Nf6 7.h3 e5 8.Qd2 h6 9.Nce2
Be6 10.f4 Qb6 11.c3 O-O-O 12.d4 exf4 13.Nxf4 Na5 14.b3 Rhe8 15.Nd3 Bxb3 16.Rb1
Nxe4 17.Bxe4 Rxe4 18.Kf1 Nc4 19.Qc1 Nxe3+ 20.Kf2 c4 21.Nf4 Bxd4 22.Kf3 Rxf4+
23.gxf4 Qc6+ 24.Ke2 Qg2+ {#R} 0-1

[Event "Staatsliga B West 1994/95"]
[Site "masterchessopen.com Austria"]
[Round "4"]
[White "Welsh Michael (IRL)"]
[Black "Novkovic Julia (AUT)"]
[Result "0-1"]
[WhiteElo "2050"]
[BlackElo "2053"]

1.e4 c5 2.Nc3 Nc6 3.g3 g6 4.Bg2 Bg7 5.d3 d6 6.Be3 e6 7.Qd2 Nd4 8.h4 Qa5 9.Nh3
Ne7 10.O-O Nec6 11.a3 O-O 12.f4 b5 13.b4 cxb4 14.axb4 Qxb4 15.Rfb1 Qxc3 16.e5
Qxd2 17.Bxd2 d5 18.c3 Nf5 {#R} 0-1

[Event "It (open) \"]
[Site "masterchessopen.com Berlin (Germany)"]
[Round "0"]
[White "Gebigke Martin (GER)"]
[Black "Womacka Mathias (GER)"]
[Result "0-1"]
[WhiteElo "2191"]
[BlackElo "2459"]

1.e4 c5 2.Nc3 Nc6 3.g3 g6 4.Bg2 Bg7 5.d3 d6 6.Be3 b5 7.e5 Qd7 8.exd6 exd6
9.Bf4 Nge7 10.Nxb5 Nf5 11.c3 O-O 12.Qd2 Bb7 13.Ne2 Ne5 {#R} 0-1

[Event "It (open) \"]
[Site "masterchessopen.com Cologne (Germany)"]
[Round "2"]
[White "Thieme-Garmann Alexander (GER)"]
[Black "Pfeiffer Michael (GER)"]
[Result "0-1"]
[WhiteElo "2120"]
[BlackElo "1890"]

1.e4 c5 2.Nc3 Nc6 3.g3 g6 4.Bg2 Bg7 5.d3 d6 6.Be3 Nd4 7.Qd2 e5 8.h3 Ne7 9.f4
O-O 10.Nge2 Rb8 11.g4 f5 12.gxf5 gxf5 13.O-O-O b5 14.Rdg1 b4 15.Nd1 Qa5 16.Kb1
Be6 17.Nc1 Rb6 18.Bxd4 Bxa2+ 19.Nxa2 Ra6 20.Qf2 cxd4 21.Kc1 b3 22.Nac3 dxc3
23.Nxc3 Qa1+ 24.Kd2 Qxb2 {#R} 0-1

[Event "Ch World (juniors) (under 20)"]
[Site "masterchessopen.com Matinhos (Brazil)"]
[Round "0"]
[White "Renteria Jorge (COL)"]
[Black "Nordahl Helge (NOR)"]
[Result "0-1"]
[WhiteElo "2205"]
[BlackElo "2245"]

1.e4 c5 2.Nc3 d6 3.g3 Nc6 4.Bg2 g6 5.d3 Bg7 6.Be3 e6 7.Qd2 Rb8 8.Nge2 Nd4
9.Bxd4 cxd4 10.Nb5 Qb6 11.Qb4 Ke7 12.Qc4 Bd7 13.a4 a6 14.Na3 Qxb2 15.O-O Rc8
16.Rfb1 Qxa1 17.Qb4 Qa2 18.Nc1 a5 {#R} 0-1

[Event "It (open)"]
[Site "masterchessopen.com Muenster (Germany)"]
[Round "1"]
[White "Guenther Lars (GER)"]
[Black "Slobodjan Roman (GER)"]
[Result "0-1"]
[WhiteElo "2086"]
[BlackElo "2490"]

1.e4 d6 2.Nc3 g6 3.g3 Bg7 4.Bg2 c5 5.d3 Nc6 6.Be3 Rb8 7.Nge2 Nd4 8.O-O b5
9.Qd2 h5 10.f4 h4 11.Rae1 hxg3 12.Nxg3 Nf6 13.f5 Ng4 14.Nd5 Nxh2 15.f6 exf6
16.Bxd4 Nxf1 17.Rxf1 cxd4 18.Qb4 Be6 19.e5 a5 {#R} 0-1

[Event "It (open)"]
[Site "masterchessopen.com Muenster (Germany)"]
[Round "2"]
[White "Schmidle Thomas (GER)"]
[Black "Mainka Romuald (GER)"]
[Result "0-1"]
[WhiteElo "2189"]
[BlackElo "2485"]

1.e4 c5 2.Nc3 d6 3.g3 Nc6 4.Bg2 g6 5.d3 Bg7 6.Be3 Rb8 7.Qd2 b5 8.Rb1 b4 9.Nce2
Qa5 10.Nf3 Nf6 11.Bh6 Bxh6 12.Qxh6 b3+ 13.Nd2 bxc2 14.Rc1 Ba6 15.Nc3 Bxd3
16.Nb3 Qc7 17.Nd5 Nxd5 18.exd5 Nb4 19.Qg7 Rf8 20.Qc3 c4 21.Ra1 Nxa2 22.Nc1
Nxc1 {#R} 0-1

[Event "Ch Slovenia (juniors) (under 20) (g)"]
[Site "masterchessopen.com Slovenia"]
[Round "0"]
[White "Mihevc M"]
[Black "Grosar Kiti (SLO)"]
[Result "0-1"]
[WhiteElo "1750"]
[BlackElo "2219"]

1.e4 c5 2.Nc3 Nc6 3.g3 g6 4.Bg2 Bg7 5.d3 d6 6.Be3 Rb8 7.a4 e6 8.f4 Nge7 9.Nf3
O-O 10.O-O Nd4 11.Bf2 Nec6 12.Qc1 Bd7 13.Re1 Qb6 14.Nd1 Rfc8 15.Nd2 Na5 16.Ne3
Qc7 17.Qd1 b5 18.c3 Ndc6 19.Nb3 bxa4 20.Nxa5 Nxa5 21.Nc2 Rxb2 {#R} 0-1

[Event "It (open)"]
[Site "masterchessopen.com Berlin (Germany)"]
[Round "7"]
[White "Gebigke Martin (GER)"]
[Black "Breier Andreas (GER)"]
[Result "1-0"]
[WhiteElo "2191"]
[BlackElo "2225"]

1.e4 c5 2.Nc3 Nc6 3.g3 d6 4.Bg2 g6 5.d3 Bg7 6.Be3 e6 7.Qd2 Qa5 8.Nf3 Nd4 9.O-O
Ne7 10.Bh6 O-O 11.Bxg7 Kxg7 12.Nh4 b5 13.f4 Bb7 14.f5 f6 15.fxe6 Nxe6 16.e5
Bxg2 17.exf6+ Rxf6 18.Rxf6 Kxf6 19.Ne4+ Bxe4 20.Qxa5 {#r} 1-0

[Event "It (open)"]
[Site "masterchessopen.com Budapest (Hungary)"]
[Round "0"]
[White "Kiss Gergely (HUN)"]
[Black "Rogozenko Dorian (ROM)"]
[Result "0-1"]
[WhiteElo "2210"]
[BlackElo "2440"]

1.e4 c5 2.Nc3 Nc6 3.g3 g6 4.Bg2 Bg7 5.d3 d6 6.Be3 Nd4 7.Qd2 Qa5 8.f4 h5 9.Nf3
Nxf3+ 10.Bxf3 Nf6 11.d4 h4 12.O-O-O h3 13.dxc5 Bg4 14.Bxg4 Nxg4 15.Bd4 e5
16.fxe5 Bh6 {#R} 0-1

[Event "Czech League 1994/95 (1st)"]
[Site "masterchessopen.com Czech Republic"]
[Round "10"]
[White "Kukacka Martin (CZE)"]
[Black "Lizner Milan (CZE)"]
[Result "1-0"]
[WhiteElo "2068"]
[BlackElo "2007"]

1.e4 c5 2.Nc3 Nc6 3.g3 d6 4.Bg2 g6 5.d3 Bg7 6.Be3 a6 7.f4 f5 8.Nf3 Nh6 9.exf5
Nxf5 10.Bf2 Bd7 11.O-O O-O 12.Qd2 Rb8 13.Rae1 e6 14.g4 Nfd4 15.Ne4 Nxf3+
16.Bxf3 Bc8 17.c3 e5 18.Ng5 Bh6 19.Bd5+ Kg7 20.Bh4 Qe8 21.fxe5 Bxg4 22.Rxf8
Qxf8 23.Nf7 {#r} 1-0

[Event "It (open) (b)"]
[Site "masterchessopen.com Frydek-Mistek (Czech Republic)"]
[Round "0"]
[White "Severgin Valentin (RUS)"]
[Black "Gedgaudas Raimundas (LTU)"]
[Result "1-0"]
[WhiteElo "2279"]
[BlackElo "2190"]

1.e4 c5 2.Nc3 Nc6 3.g3 g6 4.Bg2 Bg7 5.d3 d6 6.Be3 Rb8 7.Qd2 b5 8.f4 b4 9.Nd1
e5 10.f5 gxf5 11.exf5 Nd4 12.g4 h5 13.c3 Qh4+ 14.Nf2 hxg4 15.cxd4 cxd4 16.Bg5
Qh5 17.Qc1 Bxf5 18.Qc7 Qxg5 19.Bc6+ Kf8 20.Qxb8+ Ke7 21.Qc7+ Kf8 22.Qxd6+ {#r}
1-0

[Event "Bayern Landesliga South 1994/95"]
[Site "masterchessopen.com Germany"]
[Round "0"]
[White "Hinkmann Jens (GER)"]
[Black "Glasel Matthias (GER)"]
[Result "0-1"]
[WhiteElo "2088"]
[BlackElo "2265"]

1.e4 c5 2.Nc3 Nc6 3.g3 g6 4.Bg2 Bg7 5.d3 d6 6.Be3 e5 7.Qd2 Nge7 8.Bh6 O-O 9.h4
f6 10.h5 Bxh6 11.Qxh6 g5 12.Nf3 Kh8 13.Nxg5 fxg5 14.Qxg5 Nd4 15.h6 Ng6 16.Qd2
Bg4 17.Nd5 Bf3 18.O-O Qd7 19.c3 Bxg2 20.Kxg2 Nh4+ {#R} 0-1